| 000 | 00607cam a2200217 a 4500 | ||
|---|---|---|---|
| 001 | 000018201 | ||
| 005 | 20200929165411.0 | ||
| 008 | 770812s1976 fr 000 f fre d | ||
| 035 | _a(DLC) 77467150 | ||
| 040 |
_aDO-SdBNP _cDLC _dDLC |
||
| 082 |
_a896.2 _bB456r |
||
| 100 | 1 |
_aBen Jelloun, Tahar, _d1944- _912841 |
|
| 245 | 1 | 3 |
_aLa Réclusion solitaire / _cTahar Ben Jelloun. |
| 260 |
_aParís : _bDenoel, _c1976. |
||
| 300 |
_a136 p. ; _c20 cm. |
||
| 650 | 4 |
_aNovela marroqui _912842 |
|
| 650 | 4 |
_aLiteratura marroqui _912843 |
|
| 910 | _aCatalogación por copia / LC | ||
| 910 | _aWM | ||
| 049 | _aBNGR | ||
| 999 |
_c17722 _d17722 |
||